000 00324 a2200157 4500
001 56812
020 _a853050240x
040 _cAnchieta - Pituba
100 _aGaldino, Luiz
240 1 0 _aPrimeiro amor
_lpor
245 1 0 _aPrimeiro amor
300 _a127
362 0 _a2000
650 4 _aLiteratura juvenil
942 _cBK
999 _c56812
_d56812